Hodnotenie demontáže tlakovej nádoby reaktora v procese vyraďovania jadrových elektrární z prevádzky z pohľadu externého ožiarenia

Na minha lista:
Detalhes bibliográficos
Autor principal: Launer, Martin (Author)
Outros Autores: Nečas, Vladimír (Thesis advisor)
Formato: Manuscrito Livro
Idioma:eslovaco
Publicado em: 2016
Assuntos:
Acesso em linha:http://is.stuba.sk/zp/portal_zp.pl?podrobnosti=131304
Tags: Adicionar Tag
Sem tags, seja o primeiro a adicionar uma tag!

MARC

LEADER 00000ntm a22000003a 4500
001 stuzp51896
003 SK-STU
005 20160805092113.4
007 ta
008 150427s2015----xo-----f-mn---000-0-slo-d
040 |a STU  |b slo 
041 0 |a slo 
044 |a xo 
100 1 |a Launer, Martin  |u 036000  |k Z4  |4 aut  |U FEI Fakulta elektrotechniky a informatiky  |T FEI Ústav jadrového a fyzikálneho inžinierstva  |X 9029  |U E060  |Y 817  |7 A000009029 
242 0 1 |a Assessment of dismantling of reactor pressure vessel within the nuclear power plants’ decommissioning process from the perspective of external exposure  |y eng 
245 1 0 |a Hodnotenie demontáže tlakovej nádoby reaktora v procese vyraďovania jadrových elektrární z prevádzky z pohľadu externého ožiarenia 
260 |c 2016 
300 |a 106 s. 
650 4 |a demontáž  |2 slo 
650 4 |a segmentácia  |2 slo 
650 4 |a tlaková nádoba reaktora  |2 slo 
650 4 |a VISIPLAN 3D ALARA  |2 slo 
650 4 |a segmentation  |2 eng 
650 4 |a reactor pressure vessel  |2 eng 
650 4 |a dismantling  |2 eng 
650 4 |a VISIPLAN 3D ALARA  |2 eng 
700 1 |a Nečas, Vladimír  |u 036000  |k Z1  |4 ths  |U FEI Fakulta elektrotechniky a informatiky  |T FEI Ústav jadrového a fyzikálneho inžinierstva  |X 1934  |U E060  |Y 817  |7 A000001934 
856 4 |u http://is.stuba.sk/zp/portal_zp.pl?podrobnosti=131304 
996 |b 284EP11438  |c E*DIPL-11438  |l EE36  |s P  |a 0  |w stuzp51896_0001 
SQL |a stuzp51896  |b DDP  |c SLO  |d Hodnotenie demontáže tlakovej nádoby reaktora v procese vyraďovania jadrových elektrární z prevádzky z pohľadu externého ožiarenia  |e 9029  |f Launer, Martin  |g 036000  |h 1934  |i Nečas, Vladimír  |j 20160613  |k 1173  |l 03  |m http://is.stuba.sk/zp/portal_zp.pl?podrobnosti=131304  |n I-JFI  |o 5.2.48. fyzikálne inžinierstvo